| 000 | 00525nam a22001937a 4500 | ||
|---|---|---|---|
| 003 | SISC | ||
| 005 | 20160302132031.0 | ||
| 008 | 130909t xxu||||| |||| 00| 0 eng d | ||
| 020 | _a9718551190 | ||
| 050 |
_aPR 9550 _b.Is82 1996 |
||
| 082 |
_aHS 808.83 _bZ71 1996 c.1 |
||
| 100 |
_aDalisay, Jose _916297 |
||
| 245 |
_aThe Island / _cJose Dalisay. |
||
| 260 |
_aMetro Manila : _bFoundation, Inc, _cc1996. |
||
| 300 |
_bcol. ill. ; _c29 cm. |
||
| 650 |
_aIsland _xJourney. _917169 |
||
| 942 |
_2lcc _cBK |
||
| 999 |
_c10651 _d10651 |
||